=LDR 00000nam 2200000 4500 =001 INLIS000000000044732 =005 20131008110638 =008 ***********************************Ind** =035 ##$$a0010-101300000002654 =041 ##$$a Ind =082 ##$$a 535.2 =090 ##$$a 535.2, Wah e =100 ##$$a Wahyudi =245 ##$$a Energi, Cahaya Dan Bunyi : Cara Cerdas Memahami Konsep Dasar Sains, A.S.Wahyudi =300 ##$$a a100 Hlm ; 21 Cm =850 ##$$a NNT-CD =990 ##$$a 21400613/BPAP-NTB/20142014